[Event "GER-ch Net blitz qual3"]
[Site "Playchess.com INT"]
[Date "2020.03.21"]
[Round "1"]
[White "Schaefer, Erich"]
[Black "Strohner, Marcel"]
[Result "0-1"]
[WhiteElo "1321"]
[BlackElo "1842"]
[PlyCount "64"]
[EventDate "2020.03.21"]
[EventType "swiss (blitz)"]
[EventRounds "9"]
[EventCountry "GER"]
[SourceTitle "CBM 195 Extra"]
[Source "ChessBase"]
[SourceDate "2020.05.31"]
[SourceVersion "1"]
[SourceVersionDate "2020.05.31"]
[SourceQuality "1"]

1. e4 d6 2. d4 Nf6 3. Nc3 c6 4. Nf3 Bg4 5. Be2 Nbd7 6. Be3 Qc7 7. 0-0 e5 8. h3 Bh5 9. d5 Be7 10. Qd2 0-0 11. Nh2 Bg6 12. Ng4 Nxe4 13. Nxe4 Bxe4 14. Bh6 gxh6 15. Nxh6+ Kh8 16. Ng4 Bg6 17. f4 f5 18. fxe5 Nxe5 19. Nxe5 dxe5 20. Qc3 Bf6 21. Qb3 Bf7 22. Bc4 b5 23. Be2 Bxd5 24. Qe3 Qb6 25. Qxb6 axb6 26. Bf3 e4 27. Be2 Bxb2 28. Rab1 Bd4+ 29. Kh1 Rxa2 30. c4 Bxc4 31. Bxc4 bxc4 32. Ra1 Rxa1 0-1